[Event "ccc 2015 1"]
[Site "?"]
[Date "2015.04.30"]
[Round "2.1"]
[White "Tikkanen, Hans"]
[Black "Englert, Fabian"]
[Result "1/2-1/2"]
[BlackElo "2318"]
[WhiteElo "2535"]
[LiveChessVersion "1.4.5"]

1. Nf3 {[%clk 1:30:58]} c5 {[%clk 1:30:54]} 2. c4 {[%clk 1:30:46]} Nc6
{[%clk 1:31:14]} 3. Nc3 {[%clk 1:30:48]} g6 {[%clk 1:30:57]} 4. e3
{[%clk 1:29:31]} Nf6 {[%clk 1:31:16]} 5. d4 {[%clk 1:29:31]} cxd4
{[%clk 1:31:39]} 6. exd4 {[%clk 1:29:58]} d5 {[%clk 1:32:02]} 7. cxd5
{[%clk 1:30:04]} Nxd5 {[%clk 1:32:30]} 8. Qb3 {[%clk 1:30:21]} Nxc3
{[%clk 1:32:47]} 9. Bc4 {[%clk 1:30:37]} Nd5 {[%clk 1:33:10]} 10. Bxd5
{[%clk 1:31:04]} e6 {[%clk 1:33:33]} 11. Bxc6+ {[%clk 1:29:05]} bxc6
{[%clk 1:34:01]} 12. O-O {[%clk 1:16:10]} f6 {[%clk 1:20:56]} 13. Qe3
{[%clk 0:48:51]} Qd5 {[%clk 1:12:30]} 14. b3 {[%clk 0:31:33]} Be7
{[%clk 1:01:09]} 15. Qh6 {[%clk 0:30:08]} Kf7 {[%clk 1:01:18]} 16. Bb2
{[%clk 0:28:44]} Bb7 {[%clk 0:37:35]} 17. Rfe1 {[%clk 0:26:47]} Rae8
{[%clk 0:37:13]} 18. Rac1 {[%clk 0:25:11]} Bf8 {[%clk 0:33:56]} 19. Qd2
{[%clk 0:25:05]} h5 {[%clk 0:29:14]} 20. Rc4 {[%clk 0:24:09]} h4 {[%clk 0:27:08]}
21. Ra4 {[%clk 0:22:11]} a6 {[%clk 0:22:59]} 22. Ra5 {[%clk 0:19:56]} Qd8
{[%clk 0:23:19]} 23. h3 {[%clk 0:19:45]} e5 {[%clk 0:20:18]} 24. Qc3
{[%clk 0:15:18]} exd4 {[%clk 0:16:14]} 25. Qc4+ {[%clk 0:14:11]} Kg7
{[%clk 0:16:37]} 26. Rxe8 {[%clk 0:14:32]} Qxe8 {[%clk 0:16:29]} 27. Qxd4
{[%clk 0:14:14]} Be7 {[%clk 0:15:59]} 28. Nxh4 {[%clk 0:11:36]} Qd8
{[%clk 0:15:21]} 29. Ra4 {[%clk 0:11:22]} c5 {[%clk 0:07:52]} 30. Qxd8
{[%clk 0:05:36]} Rxd8 {[%clk 0:08:14]} 31. Rg4 {[%clk 0:03:39]} Rd1+
{[%clk 0:07:31]} 32. Kh2 {[%clk 0:04:08]} Bd6+ {[%clk 0:07:23]} 33. f4
{[%clk 0:04:27]} Be4 {[%clk 0:07:46]} 34. Be5 {[%clk 0:01:31]} fxe5
{[%clk 0:05:55]} 35. f5 {[%clk 0:02:01]} Bb7 {[%clk 0:05:00]} 36. Rxg6+
{[%clk 0:02:25]} Kf7 {[%clk 0:04:27]} 37. Kg3 {[%clk 0:02:29]} Rd2
{[%clk 0:03:13]} 38. Rh6 {[%clk 0:01:47]} e4+ {[%clk 0:03:36]} 39. Kg4
{[%clk 0:02:15]} Bc6 {[%clk 0:02:17]} 40. Kg5 {[%clk 0:02:21]} Rd5
{[%clk 0:00:49]} 41. Rf6+ {[%clk 0:02:01]} Ke8 {[%clk 0:00:48]} 42. Re6+
{[%clk 0:01:26]} Kd7 {[%clk 0:00:48]} 43. Ng6 {[%clk 0:00:59]} Rd3
{[%clk 0:00:40]} 44. g4 {[%clk 0:00:33]} Bd5 {[%clk 0:01:10]} 45. Ne5+
{[%clk 0:00:50]} Bxe5 {[%clk 0:01:19]} 46. Rxe5 {[%clk 0:01:18]} Kd6
{[%clk 0:01:37]} 47. Re8 {[%clk 0:01:08]} Rxh3 {[%clk 0:02:05]} 48. Kg6
{[%clk 0:00:59]} Bc6 {[%clk 0:00:53]} 49. Re6+ {[%clk 0:01:06]} Kd5
{[%clk 0:01:23]} 50. Re7 {[%clk 0:00:54]} Kd4 {[%clk 0:01:02]} 51. f6
{[%clk 0:01:00]} Bd5 {[%clk 0:01:07]} 52. g5 {[%clk 0:00:47]} e3 {[%clk 0:00:50]}
53. Kg7 {[%clk 0:00:47]} Be4 {[%clk 0:00:34]} 54. g6 {[%clk 0:00:32]} e2
{[%clk 0:00:37]} 55. f7 {[%clk 0:00:46]} Rf3 {[%clk 0:00:53]} 56. f8=Q
{[%clk 0:01:00]} Rxf8 {[%clk 0:01:18]} 57. Kxf8 {[%clk 0:01:27]} e1=Q
{[%clk 0:01:40]} 58. g7 {[%clk 0:01:56]} Qf1+ {[%clk 0:01:24]} 59. Rf7
{[%clk 0:02:24]} Qxf7+ {[%clk 0:00:41]} 60. Kxf7 {[%clk 0:02:53]} Bd5+
{[%clk 0:00:45]} 61. Ke7 {[%clk 0:03:22]} a5 {[%clk 0:00:50]} 62. Kd7
{[%clk 0:02:33]} Bg8 {[%clk 0:00:38]} 63. Kd6 {[%clk 0:02:32]} Bf7
{[%clk 0:00:37]} 64. Ke7 {[%clk 0:02:34]} Bg8 {[%clk 0:00:41]} 65. Kd6
{[%clk 0:02:58]} a4 {[%clk 0:00:33]} 66. bxa4 {[%clk 0:03:17]} c4
{[%clk 0:01:03]} 67. a5 {[%clk 0:03:42]} c3 {[%clk 0:01:29]} 68. a6
{[%clk 0:04:09]} c2 {[%clk 0:01:55]} 69. a7 {[%clk 0:04:36]} c1=Q
{[%clk 0:02:19]} 70. a8=Q {[%clk 0:04:56]} Qf4+ {[%clk 0:02:09]} 71. Ke7
{[%clk 0:01:17]} Qc7+ {[%clk 0:00:48]} 72. Ke8 {[%clk 0:01:20]} Qf7+
{[%clk 0:00:56]} 73. Kd8 {[%clk 0:01:46]} Qf6+ {[%clk 0:01:13]} 74. Kc7
{[%clk 0:00:44]} Qe7+ {[%clk 0:01:20]} 75. Kb8 {[%clk 0:00:44]} Qd6+
{[%clk 0:01:17]} 76. Ka7 {[%clk 0:01:12]} Qc5+ {[%clk 0:00:42]} 77. Kb8
{[%clk 0:01:39]} Qd6+ {[%clk 0:00:34]} 78. Ka7 {[%clk 0:02:08]} Bd5
{[%clk 0:00:32]} 79. g8=Q {[%clk 0:01:09]} Qc7+ {[%clk 0:00:35]} 80. Ka6
{[%clk 0:01:34]} Qc4+ {[%clk 0:00:45]} 81. Kb6 {[%clk 0:01:17]} Qc5+
{[%clk 0:00:41]} 82. Ka6 {[%clk 0:01:46]} Qc4+ 1/2-1/2

[Event "ccc 2015 1"]
[Site "?"]
[Date "2015.04.30"]
[Round "2.2"]
[White "Arman, Deniz"]
[Black "Danielsen, Henrik"]
[Result "0-1"]
[BlackElo "2520"]
[WhiteElo "2315"]
[LiveChessVersion "1.4.5"]

1. e4 {[%clk 1:27:07]} d6 {[%clk 1:26:29]} 2. d4 {[%clk 1:26:08]} Nf6
{[%clk 1:26:35]} 3. Nc3 {[%clk 1:26:13]} e5 {[%clk 1:26:35]} 4. Nf3
{[%clk 1:25:18]} Nbd7 {[%clk 1:26:50]} 5. Bc4 {[%clk 1:24:52]} Be7
{[%clk 1:27:09]} 6. O-O {[%clk 1:23:53]} O-O {[%clk 1:27:27]} 7. Qe2
{[%clk 1:12:09]} c6 {[%clk 1:22:31]} 8. a4 {[%clk 1:09:18]} exd4 {[%clk 1:22:49]}
9. Nxd4 {[%clk 1:09:19]} Re8 {[%clk 1:23:04]} 10. Be3 {[%clk 0:46:39]} Bf8
{[%clk 1:22:50]} 11. f3 {[%clk 0:41:19]} d5 {[%clk 1:09:19]} 12. exd5
{[%clk 0:40:57]} Nb6 {[%clk 1:09:10]} 13. Ba2 {[%clk 0:40:40]} Nbxd5
{[%clk 1:09:27]} 14. Nxd5 {[%clk 0:40:20]} Nxd5 {[%clk 1:09:48]} 15. Bxd5
{[%clk 0:40:30]} Qxd5 {[%clk 1:10:02]} 16. Qf2 {[%clk 0:33:43]} Qh5
{[%clk 1:09:06]} 17. Bf4 {[%clk 0:29:45]} Bd7 {[%clk 1:04:16]} 18. Rfe1
{[%clk 0:27:45]} c5 {[%clk 1:03:56]} 19. Nb5 {[%clk 0:27:43]} Bxb5
{[%clk 1:03:54]} 20. axb5 {[%clk 0:28:09]} c4 {[%clk 1:04:09]} 21. b6
{[%clk 0:10:25]} axb6 {[%clk 1:01:33]} 22. Rxa8 {[%clk 0:09:21]} Rxa8
{[%clk 1:01:56]} 23. Be3 {[%clk 0:09:09]} b5 {[%clk 1:01:04]} 24. Bd4
{[%clk 0:09:11]} Bd6 {[%clk 0:59:55]} 25. g3 {[%clk 0:09:38]} Qg6
{[%clk 0:59:03]} 26. Kg2 {[%clk 0:08:30]} h5 {[%clk 0:58:51]} 27. Re4
{[%clk 0:04:17]} f5 {[%clk 0:58:48]} 28. Re2 {[%clk 0:04:46]} Re8
{[%clk 0:57:31]} 29. Rxe8+ {[%clk 0:00:43]} Qxe8 {[%clk 0:57:58]} 30. Qd2
{[%clk 0:01:10]} Qe7 {[%clk 0:57:00]} 31. Bc3 {[%clk 0:00:48]} Qe6
{[%clk 0:53:00]} 32. Kf1 {[%clk 0:00:45]} Bf8 {[%clk 0:51:48]} 33. Qd8
{[%clk 0:00:57]} Qd6 {[%clk 0:45:37]} 34. Qxd6 {[%clk 0:01:24]} Bxd6
{[%clk 0:46:03]} 35. Bd2 {[%clk 0:01:23]} Kf7 {[%clk 0:46:14]} 36. Kg2
{[%clk 0:01:38]} Ke6 {[%clk 0:46:22]} 37. Kf2 {[%clk 0:00:51]} Kd5
{[%clk 0:46:16]} 38. Ke2 {[%clk 0:00:44]} g6 {[%clk 0:46:32]} 39. Bf4 Be7
{[%clk 0:43:00]} 40. Bh6 {[%clk 0:00:36]} g5 {[%clk 0:43:16]} 41. Bg7
{[%clk 0:00:38]} g4 {[%clk 0:43:23]} 42. Bc3 {[%clk 0:00:32]} Bc5
{[%clk 0:43:40]} 43. Bd2 {[%clk 0:00:53]} Bg1 {[%clk 0:43:34]} 44. Kf1
{[%clk 0:01:15]} Bd4 {[%clk 0:43:58]} 45. c3 {[%clk 0:01:03]} Be5
{[%clk 0:43:46]} 46. Kf2 {[%clk 0:01:02]} b4 {[%clk 0:43:12]} 47. h3 bxc3
{[%clk 0:42:37]} 48. bxc3 {[%clk 0:01:03]} gxh3 {[%clk 0:42:48]} 49. Be1
{[%clk 0:00:38]} f4 {[%clk 0:40:58]} 50. g4 {[%clk 0:00:46]} hxg4
{[%clk 0:41:21]} 51. fxg4 {[%clk 0:01:13]} Ke4 {[%clk 0:41:42]} 0-1

[Event "ccc 2015 1"]
[Site "?"]
[Date "2015.04.30"]
[Round "2.3"]
[White "Tari, Aryan"]
[Black "Haubro, Martin"]
[Result "1-0"]
[BlackElo "2314"]
[WhiteElo "2513"]
[LiveChessVersion "1.4.5"]

1. d4 {[%clk 1:30:53]} Nf6 {[%clk 1:30:52]} 2. c4 {[%clk 1:31:14]} c5
{[%clk 1:31:18]} 3. d5 {[%clk 1:31:40]} e6 {[%clk 1:31:45]} 4. Nf3
{[%clk 1:32:05]} exd5 {[%clk 1:32:11]} 5. cxd5 {[%clk 1:32:30]} d6
{[%clk 1:32:37]} 6. Nc3 {[%clk 1:32:53]} g6 {[%clk 1:33:04]} 7. Bf4
{[%clk 1:33:18]} a6 {[%clk 1:30:40]} 8. a4 {[%clk 1:33:43]} Bg7 {[%clk 1:31:07]}
9. h3 {[%clk 1:34:09]} O-O {[%clk 1:31:33]} 10. e3 {[%clk 1:34:30]} Ne8
{[%clk 1:31:24]} 11. Be2 {[%clk 1:30:09]} Nd7 {[%clk 1:31:13]} 12. O-O
{[%clk 1:29:46]} Qe7 {[%clk 1:31:38]} 13. Nd2 {[%clk 1:24:34]} Ne5
{[%clk 1:22:32]} 14. Bh2 {[%clk 1:22:29]} f5 {[%clk 1:22:48]} 15. Qc2
{[%clk 1:20:31]} Rb8 {[%clk 1:13:34]} 16. Rae1 {[%clk 1:16:31]} b5
{[%clk 0:39:39]} 17. axb5 {[%clk 1:15:04]} Nc7 {[%clk 0:39:53]} 18. bxa6
{[%clk 1:06:41]} Nxa6 {[%clk 0:38:33]} 19. Nc4 {[%clk 1:01:45]} Nb4
{[%clk 0:37:39]} 20. Qd2 {[%clk 1:00:50]} Ba6 {[%clk 0:27:16]} 21. Nxe5
{[%clk 0:56:49]} Bxe5 {[%clk 0:26:47]} 22. Bxe5 {[%clk 0:51:37]} Qxe5
{[%clk 0:26:12]} 23. f4 {[%clk 0:51:11]} Qg7 {[%clk 0:26:24]} 24. Rf2
{[%clk 0:45:27]} Rb6 {[%clk 0:20:17]} 25. Bxa6 {[%clk 0:44:13]} Nxa6
{[%clk 0:20:41]} 26. e4 {[%clk 0:41:46]} fxe4 {[%clk 0:20:45]} 27. Rxe4
{[%clk 0:41:54]} Rb4 {[%clk 0:16:30]} 28. Re6 {[%clk 0:37:07]} Nc7
{[%clk 0:06:47]} 29. Rxd6 {[%clk 0:37:00]} Rd4 {[%clk 0:07:13]} 30. Qe3
{[%clk 0:36:29]} Re8 {[%clk 0:07:26]} 31. Qf3 {[%clk 0:36:46]} Re1+
{[%clk 0:06:01]} 32. Kh2 {[%clk 0:35:18]} g5 {[%clk 0:02:14]} 33. Rd8+
{[%clk 0:35:27]} Ne8 {[%clk 0:02:39]} 34. Re2 {[%clk 0:35:40]} 1-0

[Event "ccc 2015 1"]
[Site "?"]
[Date "2015.04.30"]
[Round "2.4"]
[White "Semcesen, Daniel"]
[Black "Haug, Johannes"]
[Result "1-0"]
[BlackElo "2309"]
[WhiteElo "2481"]
[LiveChessVersion "1.4.5"]

1. d4 {[%clk 1:31:16]} Nf6 {[%clk 1:29:21]} 2. c4 {[%clk 1:31:39]} e6 3. Nc3 Bb4
{[%clk 1:29:02]} 4. Qc2 {[%clk 1:31:58]} O-O {[%clk 1:29:09]} 5. e4
{[%clk 1:32:45]} d5 {[%clk 1:28:43]} 6. e5 Ne4 7. a3 {[%clk 1:33:08]} Bxc3+
{[%clk 1:28:38]} 8. bxc3 {[%clk 1:33:56]} c5 {[%clk 1:28:16]} 9. Bb2
{[%clk 1:33:40]} Nc6 {[%clk 1:26:18]} 10. O-O-O {[%clk 1:33:21]} f5
{[%clk 1:22:40]} 11. f3 {[%clk 1:32:59]} Ng5 {[%clk 1:13:41]} 12. Kb1 b6
{[%clk 1:13:54]} 13. h4 {[%clk 1:25:46]} Nf7 {[%clk 1:11:15]} 14. cxd5
{[%clk 1:21:24]} exd5 {[%clk 1:04:20]} 15. g3 {[%clk 1:15:27]} c4
{[%clk 0:59:00]} 16. Ne2 {[%clk 1:10:37]} b5 {[%clk 0:58:30]} 17. Bh3
{[%clk 1:09:13]} Ne7 {[%clk 0:57:31]} 18. Nf4 {[%clk 0:59:32]} Qb6
{[%clk 0:54:58]} 19. Kc1 {[%clk 0:57:22]} Nd8 {[%clk 0:53:25]} 20. Kd2
{[%clk 0:51:09]} Ne6 {[%clk 0:39:02]} 21. Ne2 {[%clk 0:49:04]} Bd7
{[%clk 0:37:52]} 22. Ra1 {[%clk 0:42:42]} a5 {[%clk 0:35:33]} 23. f4
{[%clk 0:42:22]} h5 {[%clk 0:35:23]} 24. Ke3 {[%clk 0:41:59]} g6 {[%clk 0:27:08]}
25. Bg2 {[%clk 0:39:48]} Kf7 26. Rhb1 {[%clk 0:39:36]} Rfb8 {[%clk 0:25:57]} 27.
Bc1 {[%clk 0:39:46]} Bc6 28. Bd2 {[%clk 0:39:41]} Qc7 {[%clk 0:23:11]} 29. Kf2
Rb7 {[%clk 0:21:46]} 30. Bf3 {[%clk 0:39:23]} Qd7 {[%clk 0:18:56]} 31. Kg2
{[%clk 0:35:16]} Rab8 {[%clk 0:18:44]} 32. Rb2 {[%clk 0:27:39]} Nc8 33. Bxh5
{[%clk 0:28:07]} gxh5 {[%clk 0:17:41]} 34. Qxf5+ {[%clk 0:28:03]} Kg8
{[%clk 0:10:38]} 35. Qxh5 {[%clk 0:22:37]} Ng7 {[%clk 0:08:51]} 36. Qg5
{[%clk 0:16:53]} Qf5 37. Qxf5 {[%clk 0:16:53]} Nxf5 {[%clk 0:09:19]} 38. g4
{[%clk 0:16:11]} Nh6 {[%clk 0:06:58]} 39. Kf3 {[%clk 0:12:40]} Rg7 40. f5 Nxg4
{[%clk 0:05:10]} 41. Bf4 {[%clk 0:13:08]} Rbb7 {[%clk 0:02:51]} 42. Rg1
{[%clk 0:10:01]} Be8 43. Rxg4 {[%clk 0:10:28]} Bh5 {[%clk 0:01:57]} 44. Bg5
{[%clk 0:10:02]} b4 {[%clk 0:01:19]} 45. axb4 {[%clk 0:09:42]} axb4
{[%clk 0:01:07]} 46. cxb4 {[%clk 0:09:08]} Ra7 {[%clk 0:01:27]} 47. Kf4
{[%clk 0:09:33]} Bxg4 {[%clk 0:01:23]} 48. Kxg4 {[%clk 0:08:39]} Ra3 49. Nf4 Nb6
{[%clk 0:01:22]} 50. f6 {[%clk 0:08:52]} Rc7 {[%clk 0:02:12]} 51. e6
{[%clk 0:09:01]} c3 52. Rc2 {[%clk 0:08:36]} Nc4 {[%clk 0:02:13]} 53. Nxd5 1-0

[Event "ccc 2015 1"]
[Site "?"]
[Date "2015.04.30"]
[Round "2.5"]
[White "Dijkhuis, Tycho"]
[Black "Gledura, Benjamin"]
[Result "0-1"]
[BlackElo "2478"]
[WhiteElo "2288"]
[LiveChessVersion "1.4.5"]

1. e4 {[%clk 1:30:55]} c5 {[%clk 1:30:52]} 2. Nf3 {[%clk 1:31:15]} Nc6
{[%clk 1:31:08]} 3. d4 {[%clk 1:31:27]} cxd4 {[%clk 1:31:31]} 4. Nxd4
{[%clk 1:31:51]} g6 {[%clk 1:31:26]} 5. Nc3 {[%clk 1:31:19]} Bg7 {[%clk 1:31:34]}
6. Be3 {[%clk 1:31:31]} Nf6 {[%clk 1:30:57]} 7. Bc4 {[%clk 1:31:07]} d6
{[%clk 1:30:38]} 8. f3 {[%clk 1:28:50]} Qb6 {[%clk 1:29:28]} 9. Nf5
{[%clk 1:27:48]} Qxb2 {[%clk 1:29:43]} 10. Nxg7+ {[%clk 1:28:10]} Kf8
{[%clk 1:30:06]} 11. Nd5 {[%clk 1:27:58]} Nxd5 {[%clk 1:29:16]} 12. Bxd5
{[%clk 1:26:18]} Qc3+ {[%clk 1:27:52]} 13. Kf2 {[%clk 1:25:19]} Kxg7
{[%clk 1:26:47]} 14. Rb1 {[%clk 1:22:47]} Qa5 {[%clk 1:17:59]} 15. Qc1
{[%clk 1:10:56]} h5 {[%clk 1:16:41]} 16. Qb2+ {[%clk 1:05:54]} f6
{[%clk 1:14:30]} 17. f4 {[%clk 1:00:52]} h4 {[%clk 1:06:24]} 18. Rhe1
{[%clk 0:57:58]} Rh5 {[%clk 1:06:19]} 19. Kg1 {[%clk 0:56:33]} h3
{[%clk 1:06:17]} 20. g3 {[%clk 0:51:35]} Rxd5 {[%clk 1:04:28]} 21. exd5
{[%clk 0:51:59]} Qxd5 {[%clk 1:04:51]} 22. c4 {[%clk 0:47:41]} Qxc4
{[%clk 1:01:31]} 23. Rbc1 {[%clk 0:47:30]} Qd5 {[%clk 0:59:24]} 24. Rcd1
{[%clk 0:45:15]} Qh5 {[%clk 0:54:41]} 25. Bd4 {[%clk 0:44:19]} Qf5
{[%clk 0:52:05]} 26. Rc1 {[%clk 0:38:53]} Kf7 {[%clk 0:50:20]} 27. Qb3+
{[%clk 0:34:55]} Be6 {[%clk 0:50:00]} 28. Qxb7 {[%clk 0:34:57]} Qd5
{[%clk 0:50:00]} 29. Qxc6 {[%clk 0:34:39]} Qxd4+ {[%clk 0:50:25]} 30. Kf1
{[%clk 0:34:57]} Rc8 {[%clk 0:50:45]} 31. Qxc8 {[%clk 0:32:39]} Bxc8
{[%clk 0:51:08]} 32. Rxc8 {[%clk 0:33:05]} Qd5 {[%clk 0:50:19]} 0-1

[Event "ccc 2015 1"]
[Site "?"]
[Date "2015.04.30"]
[Round "2.6"]
[White "Antonsen, Mikkel Djernæs"]
[Black "Matthiesen, Martin"]
[Result "1/2-1/2"]
[BlackElo "2288"]
[WhiteElo "2472"]
[LiveChessVersion "1.4.5"]

1. d4 {[%clk 1:30:57]} Nf6 {[%clk 1:30:54]} 2. c4 {[%clk 1:31:25]} e6
{[%clk 1:31:15]} 3. Nf3 {[%clk 1:31:52]} b6 {[%clk 1:30:56]} 4. g3
{[%clk 1:32:17]} Bb7 {[%clk 1:31:01]} 5. Bg2 {[%clk 1:32:43]} Bb4+
{[%clk 1:29:45]} 6. Bd2 {[%clk 1:33:07]} a5 {[%clk 1:29:36]} 7. O-O
{[%clk 1:33:17]} O-O {[%clk 1:29:55]} 8. Nc3 {[%clk 1:29:02]} d6 {[%clk 1:26:49]}
9. Qc2 {[%clk 1:26:28]} Nbd7 {[%clk 1:26:03]} 10. Rfe1 {[%clk 1:24:18]} Bxc3
{[%clk 1:24:09]} 11. Bxc3 {[%clk 1:24:40]} Be4 {[%clk 1:24:08]} 12. Qd1
{[%clk 1:14:36]} d5 {[%clk 1:16:20]} 13. b3 {[%clk 1:14:30]} c5 {[%clk 0:58:11]}
14. e3 {[%clk 1:05:51]} Qe7 {[%clk 0:52:22]} 15. Bf1 {[%clk 0:55:22]} Rfd8
{[%clk 0:49:28]} 16. Nd2 {[%clk 0:55:26]} Bg6 {[%clk 0:49:03]} 17. Bg2
{[%clk 0:51:36]} Rac8 {[%clk 0:47:31]} 18. Qc1 {[%clk 0:50:46]} e5
{[%clk 0:29:38]} 19. Qa3 {[%clk 0:45:37]} Qe6 {[%clk 0:24:17]} 20. Rac1
{[%clk 0:41:10]} e4 {[%clk 0:15:04]} 21. Ba1 {[%clk 0:37:57]} Re8
{[%clk 0:12:55]} 22. Bf1 {[%clk 0:37:35]} Qf5 {[%clk 0:11:11]} 23. cxd5
{[%clk 0:33:06]} Nxd5 {[%clk 0:10:20]} 24. Nc4 {[%clk 0:32:29]} Qe6
{[%clk 0:10:04]} 25. Qb2 {[%clk 0:28:06]} f6 {[%clk 0:08:42]} 26. a3
{[%clk 0:24:01]} Red8 {[%clk 0:05:27]} 27. Red1 {[%clk 0:22:08]} h5
{[%clk 0:04:42]} 28. Nd2 {[%clk 0:19:20]} cxd4 {[%clk 0:02:55]} 29. Rxc8
{[%clk 0:19:16]} Rxc8 {[%clk 0:03:19]} 30. Qxd4 {[%clk 0:19:40]} Ne5
{[%clk 0:02:32]} 31. Kh1 {[%clk 0:18:13]} Ng4 {[%clk 0:01:51]} 32. Kg1
{[%clk 0:17:51]} Qf5 {[%clk 0:00:51]} 33. f3 {[%clk 0:17:25]} Ngxe3
{[%clk 0:01:19]} 34. fxe4 {[%clk 0:17:40]} Qg5 {[%clk 0:01:16]} 35. Bh3
{[%clk 0:16:42]} Nxd1 {[%clk 0:00:59]} 36. Bxc8 {[%clk 0:17:05]} Ne7
{[%clk 0:01:05]} 37. Ba6 {[%clk 0:14:57]} h4 {[%clk 0:00:55]} 38. Nf1
{[%clk 0:14:09]} Bh5 {[%clk 0:00:45]} 39. Bd3 {[%clk 0:10:08]} hxg3
{[%clk 0:00:44]} 40. hxg3 {[%clk 0:10:33]} Qc1 {[%clk 0:01:01]} 41. e5
{[%clk 0:10:38]} f5 {[%clk 0:00:59]} 42. Bc4+ {[%clk 0:08:39]} Kh7
{[%clk 0:01:10]} 43. Qh4 {[%clk 0:08:55]} Kh6 {[%clk 0:01:00]} 44. Qxe7
{[%clk 0:06:43]} Qxa1 {[%clk 0:01:27]} 45. Qd6+ {[%clk 0:06:57]} Kh7
{[%clk 0:01:26]} 46. Qd8 {[%clk 0:06:01]} Qxe5 {[%clk 0:00:48]} 47. Bg8+
{[%clk 0:06:26]} Kh6 {[%clk 0:00:59]} 48. Qxb6+ g6 {[%clk 0:01:19]} 49. Qa7
{[%clk 0:06:40]} Kg5 {[%clk 0:00:54]} 50. Bc4 {[%clk 0:06:54]} Kh6
{[%clk 0:00:46]} 51. b4 {[%clk 0:06:20]} axb4 {[%clk 0:01:11]} 52. axb4
{[%clk 0:06:47]} f4 {[%clk 0:01:08]} 53. Qc5 {[%clk 0:06:35]} Qf6
{[%clk 0:01:10]} 54. b5 {[%clk 0:04:29]} fxg3 {[%clk 0:01:34]} 55. Nxg3
{[%clk 0:04:54]} Qf3 {[%clk 0:01:34]} 56. Nxh5 {[%clk 0:04:54]} Qg4+
{[%clk 0:01:43]} 57. Kh2 {[%clk 0:04:47]} Qh4+ {[%clk 0:01:59]} 58. Kg2
{[%clk 0:05:13]} Qxc4 {[%clk 0:02:12]} 59. Qxc4 {[%clk 0:04:51]} Ne3+
{[%clk 0:02:40]} 60. Kf2 1/2-1/2

[Event "ccc 2015 1"]
[Site "?"]
[Date "2015.04.30"]
[Round "2.7"]
[White "Rewitz, Poul"]
[Black "Nielsen, Jens Ove Fries"]
[Result "0-1"]
[BlackElo "2458"]
[WhiteElo "2272"]
[LiveChessVersion "1.4.5"]

1. Nc3 {[%clk 1:30:38]} b6 {[%clk 1:28:13]} 2. e4 {[%clk 1:30:09]} Bb7
{[%clk 1:28:30]} 3. d4 {[%clk 1:29:39]} d6 {[%clk 1:28:51]} 4. Bg5
{[%clk 1:23:53]} Nd7 {[%clk 1:28:19]} 5. d5 {[%clk 1:17:35]} c6 {[%clk 1:26:50]}
6. Nf3 {[%clk 1:11:49]} Ngf6 {[%clk 1:26:33]} 7. dxc6 {[%clk 1:07:52]} Bxc6
{[%clk 1:26:50]} 8. Nd4 {[%clk 1:08:03]} Bb7 {[%clk 1:26:40]} 9. Bd3
{[%clk 1:04:26]} g6 {[%clk 1:24:55]} 10. Qd2 {[%clk 0:59:32]} Rc8
{[%clk 1:24:07]} 11. O-O {[%clk 0:55:04]} Bg7 {[%clk 1:23:04]} 12. Bh6
{[%clk 0:54:14]} Bxh6 {[%clk 1:22:19]} 13. Qxh6 {[%clk 0:54:33]} Rc5
{[%clk 1:22:35]} 14. f3 {[%clk 0:52:46]} Rh5 {[%clk 1:22:28]} 15. Qd2
{[%clk 0:50:17]} a6 {[%clk 1:20:29]} 16. b4 {[%clk 0:44:34]} Qc7 {[%clk 1:17:35]}
17. Nce2 {[%clk 0:40:48]} e5 {[%clk 1:05:54]} 18. g4 {[%clk 0:35:59]} Rh4
{[%clk 1:01:54]} 19. Qg5 {[%clk 0:33:41]} Rh3 {[%clk 1:01:28]} 20. Kg2
{[%clk 0:31:19]} exd4 {[%clk 0:51:28]} 21. Kxh3 {[%clk 0:31:10]} h5
{[%clk 0:51:56]} 22. Kg2 {[%clk 0:22:15]} hxg4 {[%clk 0:51:27]} 23. Ng3
{[%clk 0:17:28]} gxf3+ {[%clk 0:29:27]} 24. Rxf3 {[%clk 0:17:32]} Ng8
{[%clk 0:29:45]} 25. Raf1 {[%clk 0:09:50]} Ne5 {[%clk 0:30:03]} 26. Rf4
{[%clk 0:07:12]} f6 {[%clk 0:18:37]} 27. Rxf6 {[%clk 0:07:34]} Nxf6
{[%clk 0:19:04]} 28. Qxf6 {[%clk 0:05:36]} Rxh2+ {[%clk 0:16:48]} 29. Kg1
{[%clk 0:06:00]} Rh7 {[%clk 0:16:55]} 30. Qe6+ {[%clk 0:05:30]} Qe7
{[%clk 0:15:50]} 31. Qxe7+ {[%clk 0:05:14]} Kxe7 {[%clk 0:15:53]} 32. Ne2
{[%clk 0:05:25]} d5 {[%clk 0:14:27]} 33. exd5 {[%clk 0:05:14]} Bxd5
{[%clk 0:12:55]} 34. Nf4 {[%clk 0:03:17]} Bb7 {[%clk 0:12:40]} 35. Re1
{[%clk 0:02:56]} Kf6 {[%clk 0:11:26]} 36. Be4 {[%clk 0:03:14]} Bxe4
{[%clk 0:11:47]} 37. Rxe4 {[%clk 0:03:38]} Kf5 {[%clk 0:11:52]} 0-1

[Event "ccc 2015 1"]
[Site "?"]
[Date "2015.04.30"]
[Round "2.8"]
[White "Galyas, Miklos"]
[Black "Rydstrom, Tom"]
[Result "1-0"]
[BlackElo "2286"]
[WhiteElo "2449"]
[LiveChessVersion "1.4.5"]

1. Nf3 {[%clk 1:30:57]} d5 {[%clk 1:27:02]} 2. g3 {[%clk 1:31:21]} Nf6
{[%clk 1:27:18]} 3. Bg2 {[%clk 1:31:41]} c6 {[%clk 1:26:41]} 4. O-O
{[%clk 1:31:58]} Bf5 {[%clk 1:26:26]} 5. d3 {[%clk 1:32:18]} Nbd7
{[%clk 1:24:23]} 6. Nfd2 {[%clk 1:31:18]} e5 {[%clk 1:20:17]} 7. e4
{[%clk 1:31:35]} dxe4 {[%clk 1:12:22]} 8. dxe4 {[%clk 1:31:07]} Be6
{[%clk 0:59:43]} 9. Qe1 {[%clk 1:17:02]} Bd6 {[%clk 0:52:08]} 10. f4
{[%clk 1:08:18]} g6 {[%clk 0:46:02]} 11. Nc3 {[%clk 1:05:09]} Qb6+
{[%clk 0:38:14]} 12. Kh1 {[%clk 1:04:48]} O-O-O {[%clk 0:37:37]} 13. f5
{[%clk 1:02:37]} gxf5 {[%clk 0:38:00]} 14. exf5 {[%clk 1:02:59]} Bd5
{[%clk 0:38:16]} 15. Nce4 {[%clk 1:00:41]} Nxe4 {[%clk 0:31:45]} 16. Nxe4
{[%clk 1:00:55]} Qc7 {[%clk 0:25:54]} 17. b4 {[%clk 0:45:48]} h5 {[%clk 0:24:33]}
18. Bg5 {[%clk 0:44:36]} Rdg8 {[%clk 0:17:51]} 19. Bh4 {[%clk 0:44:07]} Kb8
{[%clk 0:16:45]} 20. Rd1 {[%clk 0:44:08]} Bxe4 {[%clk 0:03:35]} 21. Bxe4
{[%clk 0:42:42]} Nb6 {[%clk 0:03:55]} 22. Bf3 {[%clk 0:40:50]} Be7
{[%clk 0:03:56]} 23. f6 {[%clk 0:33:25]} Bd6 {[%clk 0:03:57]} 24. a3
{[%clk 0:33:15]} Rd8 {[%clk 0:02:31]} 25. Qe2 {[%clk 0:30:42]} Rhe8
{[%clk 0:02:12]} 26. c4 {[%clk 0:30:19]} Bf8 {[%clk 0:01:02]} 27. Bxh5
{[%clk 0:29:58]} Rxd1 {[%clk 0:01:11]} 28. Rxd1 {[%clk 0:30:16]} e4
{[%clk 0:01:13]} 29. g4 {[%clk 0:30:02]} Rd8 {[%clk 0:00:31]} 30. Bg3
{[%clk 0:30:12]} Bd6 {[%clk 0:00:54]} 31. Rxd6 1-0